Jojo's Bizarre Adventure - Abilities by Picture - Statistics

General Stats
  • This quiz has been taken 112 times
  • The average score is 5 of 8
Answer Stats
Picture Answer % Correct
Heaven's Door
80%
Scary Monsters
78%
Purple Haze - Etc.
61%
D4C
57%
Harvest - Ect.
55%
Golden Experience Requiem
54%
Cream / The Hand
47%
Death 13
46%
No matching quizzes found
Score Distribution
Percent of People with Each Score
Percentile by Number Answered
Your Score History
You have not taken this quiz